000 00607cam a22002173a 4500
001 44238
003 PGUSA
005 20140828084017.0
008 131120s2013||||xxu|||||s|||||000 | eng d
040 _aPGUSA
_beng
042 _adc
100 1 _aWilde, Oscar,
_d1854-1900
245 1 0 _aDas Bildnis des Dorian Gray
_h[electronic resource] /
_cOscar Wilde
260 _bProject Gutenberg,
_c2013
506 _aPublic domain in the USA.
516 _aElectronic text
700 1 _aZoozmann, Richard
830 0 _aProject Gutenberg
_v44238
856 4 0 _uhttp://www.gutenberg.org/ebooks/44238
942 _cEB
999 _c273489
_d273489